| 000 | 00517 a2200157 4500 | ||
|---|---|---|---|
| 005 | 20250515131458.0 | ||
| 020 | _a978-0-07-312713-2 | ||
| 082 | _aLECT 332.632 PEN | ||
| 100 | _aPENMAN, S. H. | ||
| 245 | _aFinancial Statement Analysis and Security Valuation | ||
| 250 | _a3rd Ed. | ||
| 260 |
_aBoston, _bMcGraw-Hill, _c2007. |
||
| 300 |
_axxiv, 776p.: ill.; figure, table. _bIndex. _c24cm. |
||
| 856 |
_yAccess Online Book _fFinancial Statement Analysis and Security Valuation _dwww.mhhe.com/penman3e |
||
| 942 |
_2ddc _cBKS |
||
| 999 |
_c2279 _d2279 |
||